| 000 | 00847nam a2200265Ia 4500 | ||
|---|---|---|---|
| 003 | GCL | ||
| 008 | 140319s9999 xx 000 0 ara d | ||
| 040 |
_aGCL / _cGCL |
||
| 082 | 0 | 4 |
_a953 _bب م |
| 100 | 1 | _aالبستانى: بطرس بن بولس بن عبد الله | |
| 245 | 1 | 0 |
_aمعارك العرب فى الشرق والغرب / _cالبستانى: بطرس بن بولس بن عبد الله |
| 300 | _a159 ص | ||
| 490 | _a | ||
| 650 | 0 | 4 | _aالتاريخ الاسلامى |
| 650 | 0 | 4 | _aالعرب |
| 650 | 0 | 4 | _aفتح الاندلس |
| 650 | 0 | 4 | _aالعرب والروم |
| 650 | 0 | 4 | _aمعركة اليرموك |
| 650 | 0 | 4 | _aالعرب والغرب |
| 650 | 0 | 4 | _aمعركة القادسية |
| 650 | 0 | 4 | _aمعركة الذاب |
| 650 | 0 | 4 | _aمعركة البذ |
| 650 | 0 | 4 | _aمعركة عمورية |
| 942 |
_2ddc _cBK |
||
| 999 |
_c39141 _d39141 |
||